[Event "Heusenstamm Schloss op"]
[Site "Heusenstamm"]
[Date "2023.11.25"]
[Round "4"]
[White "Arkhipenko, Denis"]
[Black "Spelleken, Hans Gerd"]
[Result "1-0"]
[WhiteElo "1658"]
[BlackElo "1700"]
[PlyCount "67"]
[EventDate "2023.11.23"]
[EventType "swiss"]
[EventRounds "7"]
[EventCountry "GER"]
[SourceTitle "CB50_2023"]
[SourceDate "2023.12.13"]
[SourceVersion "1"]
[SourceVersionDate "2023.12.13"]
[SourceQuality "1"]

1. d4 d5 2. Bf4 Nf6 3. e3 e6 4. Nd2 Bd6 5. Bg3 0-0 6. Bd3 Nc6 7. c3 e5 8. dxe5 Nxe5 9. Bxe5 Bxe5 10. Ngf3 Bd6 11. 0-0 c6 12. Qc2 h6 13. Rfd1 Qe7 14. Re1 Qc7 15. c4 Re8 16. c5 Bf8 17. b4 a6 18. a4 Bd7 19. h3 Kh8 20. Nd4 g6 21. Ra2 Bg7 22. Rb1 Re5 23. Ne2 Rg8 24. Nf3 Ree8 25. b5 cxb5 26. axb5 axb5 27. Bxb5 Bf5 28. Bd3 Ne4 29. Ra7 Rb8 30. Ned4 Bd7 31. Bxe4 dxe4 32. Qxe4 Rge8 33. Rbxb7 Rxb7 34. Qxb7 1-0

[Event "Heusenstamm Schloss op"]
[Site "Heusenstamm"]
[Date "2023.11.24"]
[Round "3"]
[White "Spelleken, Hans Gerd"]
[Black "Zimmer, Gerald"]
[Result "0-1"]
[WhiteElo "1700"]
[BlackElo "1897"]
[PlyCount "92"]
[EventDate "2023.11.23"]
[EventType "swiss"]
[EventRounds "7"]
[EventCountry "GER"]
[SourceTitle "CB50_2023"]
[SourceDate "2023.12.13"]
[SourceVersion "1"]
[SourceVersionDate "2023.12.13"]
[SourceQuality "1"]

1. Nf3 Nf6 2. b3 g6 3. Bb2 Bg7 4. e3 0-0 5. d4 b6 6. Bd3 Bb7 7. Nbd2 d5 8. Qe2 c5 9. c4 e6 10. Rc1 cxd4 11. Bxd4 Nc6 12. Bc3 Rc8 13. 0-0 Qe7 14. e4 dxe4 15. Nxe4 Nb4 16. Nxf6+ Bxf6 17. Bb1 Bxc3 18. Rxc3 Rfd8 19. Ne5 Qf6 20. Rg3 Rd4 21. Ng4 Qf4 22. Ne3 Rcd8 23. Rg4 Qe5 24. Rxd4 Rxd4 25. Re1 Qf4 26. Rd1 Nc6 27. g3 Qd6 28. Be4 Qe5 29. Bg2 f5 30. Rxd4 Nxd4 31. Qd1 Bxg2 32. Nxg2 Qe4 33. Ne1 Kf7 34. f3 Qxe1+ 35. Qxe1 Nxf3+ 36. Kf2 Nxe1 37. Kxe1 e5 38. Ke2 Ke6 39. Ke3 Kd6 40. h4 Kc5 41. a3 e4 42. Kd2 Kd4 43. Kc2 e3 44. Kd1 Kc3 45. Ke2 Kxb3 46. Kxe3 Kxa3 0-1

[Event "Main Vogelsberg op 16th"]
[Site "Waechtersbach"]
[Date "2022.10.02"]
[Round "5"]
[White "Spelleken, Hans Gerd"]
[Black "Fritsch, Reinhold"]
[Result "1-0"]
[WhiteElo "1636"]
[BlackElo "1490"]
[PlyCount "47"]
[EventDate "2022.09.30"]
[EventType "swiss"]
[EventRounds "7"]
[EventCountry "GER"]
[SourceTitle "CBM 210 Extra"]
[Source "ChessBase"]
[SourceDate "2022.11.30"]
[SourceVersion "1"]
[SourceVersionDate "2022.11.30"]
[SourceQuality "1"]

1. Nf3 Nf6 2. d4 g6 3. Nbd2 Bg7 4. e4 d6 5. Bc4 0-0 6. e5 dxe5 7. dxe5 Nd5 8. Ne4 c6 9. Qe2 h6 10. Bd2 a5 11. a3 Na6 12. h3 Qc7 13. Bxa6 Rxa6 14. Nc5 Ra8 15. c4 Nb6 16. 0-0 Nd7 17. Nd3 b6 18. e6 Nf6 19. Bf4 Qd8 20. exf7+ Kh7 21. Rad1 Bd7 22. Nde5 Ra7 23. Nh4 g5 24. Qc2+ 1-0

[Event "Main Vogelsberg op 16th"]
[Site "Waechtersbach"]
[Date "2022.10.01"]
[Round "3"]
[White "Spelleken, Hans Gerd"]
[Black "Chandler, Patrick"]
[Result "0-1"]
[WhiteElo "1636"]
[BlackElo "2099"]
[PlyCount "86"]
[EventDate "2022.09.30"]
[EventType "swiss"]
[EventRounds "7"]
[EventCountry "GER"]
[SourceTitle "CBM 210 Extra"]
[Source "ChessBase"]
[SourceDate "2022.11.30"]
[SourceVersion "1"]
[SourceVersionDate "2022.11.30"]
[SourceQuality "1"]

1. Nf3 d5 2. d4 Nf6 3. e3 c6 4. Bd3 Bg4 5. Nbd2 Nbd7 6. e4 e6 7. e5 Ng8 8. Nf1 Bh5 9. Ng3 Bg6 10. h4 Bxd3 11. Qxd3 c5 12. Ng5 cxd4 13. Qxd4 Qc7 14. Bf4 Ne7 15. Nf3 Nc6 16. Qe3 h6 17. c3 Bc5 18. Qe2 0-0-0 19. a4 Be7 20. 0-0 Rdg8 21. b4 g5 22. hxg5 hxg5 23. Be3 g4 24. Nd4 Ncxe5 25. Nb5 Qc4 26. Nxa7+ Kd8 27. Rfb1 Qxe2 28. Nxe2 Nc4 29. Bf4 e5 30. Bh2 f5 31. g3 Nd2 32. Kg2 Nf6 33. Rh1 Nf3 34. Ng1 e4 35. a5 Kc7 36. b5 Bc5 37. b6+ Kd7 38. Rd1 Rg7 39. c4 Rgh7 40. Nxf3 gxf3+ 41. Kg1 e3 42. fxe3 Bxe3+ 43. Kf1 Rxh2 0-1

[Event "Krefeld op"]
[Site "Krefeld"]
[Date "2022.08.08"]
[Round "8"]
[White "Spelleken, Hans Gerd"]
[Black "Nelsen, Alexander"]
[Result "1/2-1/2"]
[WhiteElo "1664"]
[BlackElo "1765"]
[PlyCount "29"]
[EventDate "2022.08.04"]
[EventType "swiss"]
[EventRounds "9"]
[EventCountry "GER"]
[SourceTitle "CBM 209 Extra"]
[Source "ChessBase"]
[SourceDate "2022.09.30"]
[SourceVersion "1"]
[SourceVersionDate "2022.09.30"]
[SourceQuality "1"]

1. Nf3 Nf6 2. d4 g6 3. Nbd2 Bg7 4. e4 d6 5. Bc4 0-0 6. Qe2 Nc6 7. e5 dxe5 8. dxe5 Nd5 9. 0-0 Bf5 10. c3 Nf4 11. Qe3 Nd3 12. e6 fxe6 13. Bxe6+ Bxe6 14. Qxe6+ Kh8 15. Ne4 1/2-1/2

[Event "Krefeld op"]
[Site "Krefeld"]
[Date "2022.08.05"]
[Round "3"]
[White "Hoekstra, Peter"]
[Black "Spelleken, Hans Gerd"]
[Result "1-0"]
[WhiteElo "2042"]
[BlackElo "1664"]
[PlyCount "61"]
[EventDate "2022.08.04"]
[EventType "swiss"]
[EventRounds "9"]
[EventCountry "GER"]
[SourceTitle "CBM 209 Extra"]
[Source "ChessBase"]
[SourceDate "2022.09.30"]
[SourceVersion "1"]
[SourceVersionDate "2022.09.30"]
[SourceQuality "1"]

1. e4 c5 2. Nf3 d6 3. Bb5+ Bd7 4. Bxd7+ Qxd7 5. c4 Nc6 6. Nc3 h6 7. d4 cxd4 8. Nxd4 Nf6 9. 0-0 g5 10. f3 Nxd4 11. Qxd4 Bg7 12. Be3 Nh5 13. Qd3 Be5 14. Bd4 Nf4 15. Qd2 Ng6 16. Rad1 Bf4 17. Be3 Rc8 18. b3 Rg8 19. a4 Qe6 20. Ne2 Qe5 21. Bxf4 Nxf4 22. Nxf4 gxf4 23. Qd5 Qg7 24. Rd2 Rc5 25. Qxb7 f5 26. Re2 fxe4 27. fxe4 Rg5 28. Qc8+ Kf7 29. Rxf4+ Kg6 30. Qe6+ Kh5 31. Rh4+ 1-0

[Event "Hofheim Spring op-B 7th"]
[Site "Hofheim"]
[Date "2019.04.26"]
[Round "7"]
[White "Spelleken, Hans Gerd"]
[Black "Bazilius, Augustinas"]
[Result "1-0"]
[WhiteElo "1776"]
[BlackElo "1495"]
[PlyCount "63"]
[EventDate "2019.04.23"]
[EventType "swiss"]
[EventRounds "9"]
[EventCountry "GER"]
[SourceTitle "CBM 190 Extra"]
[Source "ChessBase"]
[SourceDate "2019.07.15"]
[SourceVersion "1"]
[SourceVersionDate "2019.07.15"]
[SourceQuality "1"]

1. Nf3 Nf6 2. d4 g6 3. Nbd2 Bg7 4. e4 d6 5. Bc4 0-0 6. Qe2 Nfd7 7. e5 dxe5 8. dxe5 e6 9. Nf1 h6 10. h4 Nb6 11. Bd3 Nc6 12. Bd2 Na4 13. 0-0-0 Nd4 14. Nxd4 Qxd4 15. c3 Qxe5 16. Qxe5 Bxe5 17. Bxh6 Rd8 18. h5 Bg7 19. hxg6 fxg6 20. Ne3 Bd7 21. Bg5 Rf8 22. Bxg6 Bb5 23. Bh7+ Kf7 24. Rh4 Bf6 25. Bxf6 Kxf6 26. Rdd4 Ke7 27. Bc2 Nb6 28. Ng4 c5 29. Rd1 Be2 30. Rd2 Bc4 31. Ne5 Bd5 32. Ng6+ 1-0

[Event "Hofheim Spring op-B 7th"]
[Site "Hofheim"]
[Date "2019.04.25"]
[Round "4"]
[White "Schubert, Nikita"]
[Black "Spelleken, Hans Gerd"]
[Result "1-0"]
[WhiteElo "1784"]
[BlackElo "1776"]
[PlyCount "63"]
[EventDate "2019.04.23"]
[EventType "swiss"]
[EventRounds "9"]
[EventCountry "GER"]
[SourceTitle "CBM 190 Extra"]
[Source "ChessBase"]
[SourceDate "2019.07.15"]
[SourceVersion "1"]
[SourceVersionDate "2019.07.15"]
[SourceQuality "1"]

1. d4 Nf6 2. c4 b6 3. Nc3 Bb7 4. Qc2 Na6 5. e4 e6 6. Bg5 h6 7. Bh4 Bb4 8. Bd3 Be7 9. a3 d5 10. cxd5 Nxd5 11. exd5 Bxh4 12. Bxa6 Bxa6 13. Qa4+ Kf8 14. Qxa6 exd5 15. Nf3 Bf6 16. 0-0 g5 17. Rfe1 c5 18. Rad1 Kg7 19. dxc5 d4 20. Ne4 g4 21. Nfd2 Be5 22. cxb6 axb6 23. Qd3 Ra5 24. Nc4 Bxh2+ 25. Kxh2 Rh5+ 26. Kg1 Qh4 27. Qxd4+ f6 28. Ng3 Qh2+ 29. Kf1 Rc5 30. Qxg4+ Rg5 31. Rd7+ Kf8 32. Re8+ 1-0

[Event "Hofheim Spring op-B 7th"]
[Site "Hofheim"]
[Date "2019.04.24"]
[Round "3"]
[White "Spelleken, Hans Gerd"]
[Black "Engel, Jan"]
[Result "0-1"]
[WhiteElo "1776"]
[BlackElo "1881"]
[PlyCount "58"]
[EventDate "2019.04.23"]
[EventType "swiss"]
[EventRounds "9"]
[EventCountry "GER"]
[SourceTitle "CBM 190 Extra"]
[Source "ChessBase"]
[SourceDate "2019.07.15"]
[SourceVersion "1"]
[SourceVersionDate "2019.07.15"]
[SourceQuality "1"]

1. Nf3 Nf6 2. d4 e6 3. e3 d5 4. Bd3 Bd6 5. 0-0 0-0 6. Nbd2 c5 7. c3 Nc6 8. Re1 e5 9. dxc5 Bxc5 10. b4 Bd6 11. e4 d4 12. cxd4 Bxb4 13. dxe5 Ng4 14. Bc2 Nd4 15. h3 Nxf3+ 16. gxf3 Nxf2 17. Kxf2 Qd4+ 18. Kg2 Qxa1 19. Nb3 Qxe5 20. f4 Qf6 21. Re3 Qxf4 22. Qd4 Bd6 23. Bb2 f6 24. Qd5+ Kh8 25. e5 fxe5 26. Qxd6 Qf1+ 27. Kh2 Rf2+ 28. Kg3 Rg2+ 29. Kh4 Qf4+ 0-1

[Event "Heusenstamm Sparkassen op-A 5th"]
[Site "Heusenstamm"]
[Date "2018.11.25"]
[Round "6"]
[White "Spelleken, Hans Gerd"]
[Black "Rosenberger, Frank"]
[Result "0-1"]
[WhiteElo "1792"]
[BlackElo "2008"]
[PlyCount "58"]
[EventDate "2018.11.22"]
[EventType "swiss"]
[EventRounds "7"]
[EventCountry "GER"]
[SourceTitle "CBM 188 Extra"]
[Source "ChessBase"]
[SourceDate "2019.02.26"]
[SourceVersion "1"]
[SourceVersionDate "2019.02.26"]
[SourceQuality "1"]

1. Nf3 d5 2. d4 Bf5 3. e3 e6 4. Bd3 Bxd3 5. Qxd3 c6 6. c3 Nd7 7. Nbd2 Ngf6 8. 0-0 Bd6 9. Re1 0-0 10. e4 dxe4 11. Nxe4 Nxe4 12. Rxe4 Nc5 13. Qe2 Nxe4 14. Qxe4 h6 15. Bd2 Qf6 16. Re1 Rfe8 17. h3 Qf5 18. Qe2 g5 19. Bc1 Rad8 20. g4 Qg6 21. Kg2 f6 22. h4 Kg7 23. hxg5 hxg5 24. Rh1 e5 25. dxe5 Bxe5 26. Rh5 Bf4 27. Qf1 Qe4 28. Qh1 Bxc1 29. Kh3 Rd3 0-1

[Event "Heusenstamm Sparkassen op-A 5th"]
[Site "Heusenstamm"]
[Date "2018.11.23"]
[Round "3"]
[White "Spelleken, Hans Gerd"]
[Black "Zimmer, Gerald"]
[Result "0-1"]
[WhiteElo "1792"]
[BlackElo "1979"]
[PlyCount "118"]
[EventDate "2018.11.22"]
[EventType "swiss"]
[EventRounds "7"]
[EventCountry "GER"]
[SourceTitle "CBM 188 Extra"]
[Source "ChessBase"]
[SourceDate "2019.02.26"]
[SourceVersion "1"]
[SourceVersionDate "2019.02.26"]
[SourceQuality "1"]

1. Nf3 Nf6 2. d4 g6 3. Nbd2 Bg7 4. e4 d6 5. Bc4 Nc6 6. 0-0 0-0 7. Re1 Nd7 8. Nf1 Nb6 9. Be2 f5 10. exf5 Bxf5 11. c3 e5 12. Qb3+ Kh8 13. dxe5 Nxe5 14. Ng5 Qf6 15. Be3 Rae8 16. f4 Nc6 17. a4 h6 18. Nf3 Be6 19. Qc2 Nc4 20. Bc1 Bf5 21. Qd1 Qf7 22. Nh4 Be4 23. Ng3 Bf6 24. Nxe4 Bxh4 25. Ng3 Ne3 26. Qd3 Nf5 27. Bd2 Re7 28. Nxf5 Qxf5 29. g3 Bf6 30. Qb5 Qc2 31. Qd5 Rfe8 32. Rac1 Qxa4 33. Kf1 Qe4 34. Qb5 Qh1+ 35. Kf2 Qxh2+ 36. Kf3 a6 37. Qd3 Qh5+ 38. Kf2 Qc5+ 39. Kg2 Kg7 40. Bf3 Rxe1 41. Bxe1 Qe3 42. Qc2 Qe7 43. Bf2 Qf7 44. Qa4 Qd7 45. Be4 b5 46. Qc2 Ne7 47. Rh1 d5 48. Bd3 Nf5 49. Kf3 d4 50. Bxf5 gxf5 51. Kg2 Qd5+ 52. Kg1 d3 53. Qd1 Re2 54. Rh2 Qf3 55. Qf1 d2 56. g4 fxg4 57. Rg2 h5 58. Rg3 Qxf2+ 59. Qxf2 Rxf2 0-1

[Event "Heusenstamm Sparkassen op-A 5th"]
[Site "Heusenstamm"]
[Date "2018.11.23"]
[Round "2"]
[White "Teichert, Felix"]
[Black "Spelleken, Hans Gerd"]
[Result "1-0"]
[WhiteElo "1980"]
[BlackElo "1792"]
[PlyCount "75"]
[EventDate "2018.11.22"]
[EventType "swiss"]
[EventRounds "7"]
[EventCountry "GER"]
[SourceTitle "CBM 188 Extra"]
[Source "ChessBase"]
[SourceDate "2019.02.26"]
[SourceVersion "1"]
[SourceVersionDate "2019.02.26"]
[SourceQuality "1"]

1. e4 d5 2. exd5 Qxd5 3. Nc3 Qd8 4. d4 Nf6 5. Nf3 Bg4 6. Bc4 e6 7. h3 Bh5 8. Be3 c6 9. a3 Bd6 10. g4 Bg6 11. Qe2 0-0 12. Rg1 Qb6 13. 0-0-0 Nd5 14. Nxd5 cxd5 15. Ba2 Na6 16. Ne5 Bxc2 17. Kxc2 Rfc8+ 18. Kb1 Bxa3 19. Rc1 Nc7 20. Rc2 Nb5 21. Rgc1 Rd8 22. Qd2 f6 23. Nd3 Bd6 24. Ka1 Nxd4 25. Bxd4 Qxd4 26. Qe2 Re8 27. Nc5 Bxc5 28. Rxc5 Re7 29. Rxd5 Qf4 30. Rdc5 Kf7 31. Bxe6+ Kf8 32. Rc8+ Re8 33. R8c7 Re7 34. Rc8+ Rxc8 35. Rxc8+ Re8 36. Rxe8+ Kxe8 37. Qb5+ Kf8 38. Qc5+ 1-0

[Event "Hofheim Spring op-B 6th"]
[Site "Hofheim"]
[Date "2018.04.07"]
[Round "9"]
[White "Kramer, Wolfgang"]
[Black "Spelleken, Hans Gerd"]
[Result "1-0"]
[WhiteElo "1972"]
[BlackElo "1781"]
[PlyCount "99"]
[EventDate "2018.04.03"]
[EventType "swiss"]
[EventRounds "9"]
[EventCountry "GER"]
[SourceTitle "EXT 2020"]
[Source "ChessBase"]
[SourceDate "2019.10.17"]
[SourceVersion "1"]
[SourceVersionDate "2019.10.17"]
[SourceQuality "1"]

1. e4 d5 2. exd5 Qxd5 3. Nc3 Qd8 4. Bc4 Nf6 5. Nf3 Nc6 6. Ng5 Ne5 7. Bb3 Bg4 8. f3 Bh5 9. d4 Nc6 10. Be3 e6 11. h4 h6 12. Nh3 Bb4 13. Nf4 Qd6 14. g4 Bg6 15. Nxg6 fxg6 16. Qd3 0-0-0 17. 0-0-0 Bxc3 18. bxc3 Nd5 19. Bd2 Rhf8 20. Qxg6 Rd7 21. Rhe1 Rf6 22. Qe4 a5 23. g5 hxg5 24. hxg5 Rf8 25. Qxe6 Qa3+ 26. Kb1 Nb6 27. Bc1 Qd6 28. Qxd6 Rxd6 29. Ba3 Rxf3 30. Bxd6 cxd6 31. Rd3 Rf2 32. Be6+ Kd8 33. a3 Rg2 34. c4 Kc7 35. c5 dxc5 36. dxc5 Na4 37. Rd7+ Kb8 38. Rxg7 Nd4 39. Rxb7+ Ka8 40. Rb3 Rxg5 41. Rd3 Nxe6 42. Rxe6 Rg1+ 43. Ka2 Nxc5 44. Re8+ Kb7 45. Rc3 Na4 46. Rc4 Nb6 47. Re7+ Kb8 48. Rc6 Nd5 49. Rh7 Rd1 50. Rg6 1-0

[Event "Hofheim Spring op-B 6th"]
[Site "Hofheim"]
[Date "2018.04.06"]
[Round "7"]
[White "Spelleken, Hans Gerd"]
[Black "Meilinger, Claus"]
[Result "1-0"]
[WhiteElo "1781"]
[BlackElo "1997"]
[PlyCount "85"]
[EventDate "2018.04.03"]
[EventType "swiss"]
[EventRounds "9"]
[EventCountry "GER"]
[SourceTitle "EXT 2020"]
[Source "ChessBase"]
[SourceDate "2019.10.17"]
[SourceVersion "1"]
[SourceVersionDate "2019.10.17"]
[SourceQuality "1"]

1. Nf3 g6 2. e4 Bg7 3. Bc4 d6 4. d4 Nf6 5. Nc3 c6 6. Ng5 0-0 7. e5 dxe5 8. dxe5 Qxd1+ 9. Nxd1 Nd5 10. f4 h6 11. Ne4 Nd7 12. Bd2 N7b6 13. Bb3 Nd7 14. Ndf2 Re8 15. 0-0-0 a5 16. a3 b6 17. c4 Nc7 18. g4 Na6 19. h4 Ndc5 20. Bc2 Be6 21. b3 Rad8 22. Nxc5 Nxc5 23. f5 gxf5 24. gxf5 Bc8 25. Rhg1 Kh8 26. Ng4 Nd3+ 27. Kb1 Nxe5 28. Nxh6 Rxd2 29. Nxf7+ Nxf7 30. Rxd2 Bf6 31. Rg6 Kh7 32. h5 Nh6 33. Re2 Rd8 34. Kc1 Rd4 35. Rxf6 exf6 36. Re7+ Nf7 37. Rxf7+ Kh6 38. Rxf6+ Kxh5 39. Rxc6 Bd7 40. Rxb6 a4 41. f6 axb3 42. Bxb3 Rf4 43. c5 1-0

[Event "Hofheim Spring op-B 6th"]
[Site "Hofheim"]
[Date "2018.04.04"]
[Round "3"]
[White "Spelleken, Hans Gerd"]
[Black "Hipler, Andreas"]
[Result "0-1"]
[WhiteElo "1781"]
[BlackElo "1885"]
[PlyCount "90"]
[EventDate "2018.04.03"]
[EventType "swiss"]
[EventRounds "9"]
[EventCountry "GER"]
[SourceTitle "EXT 2020"]
[Source "ChessBase"]
[SourceDate "2019.10.17"]
[SourceVersion "1"]
[SourceVersionDate "2019.10.17"]
[SourceQuality "1"]

1. Nf3 Nf6 2. d4 e6 3. Nbd2 d5 4. e3 b6 5. Bd3 Bb7 6. 0-0 Ne4 7. Ne5 g6 8. Qf3 Nd6 9. e4 f6 10. Nxg6 hxg6 11. e5 Nf5 12. exf6 Qxf6 13. Re1 Kf7 14. Nc4 Bd6 15. Ne5+ Kg7 16. Ng4 Qf7 17. Bg5 Nd7 18. Ne5 Nxe5 19. dxe5 Be7 20. Bd2 Raf8 21. c4 Bc5 22. cxd5 Bxd5 23. Be4 Bxe4 24. Rxe4 Nh4 25. Qf6+ Qxf6 26. exf6+ Kf7 27. b4 Bd6 28. Rae1 Re8 29. Bc3 Nf5 30. h3 Rh4 31. Rxh4 Nxh4 32. Re4 Nf5 33. g4 Nh4 34. f4 c5 35. Be1 Nf3+ 36. Kf2 Nxe1 37. Kxe1 Kxf6 38. b5 e5 39. Kf2 Re6 40. Ra4 Bb8 41. fxe5+ Kxe5 42. Kf3 Rf6+ 43. Ke3 Kd5 44. g5 Rf5 45. h4 c4 0-1

[Event "Heusenstamm Sparkassen op-A 4th"]
[Site "Heusenstamm"]
[Date "2017.11.25"]
[Round "5"]
[White "Marchese, Gaspare"]
[Black "Spelleken, Hans Gerd"]
[Result "1-0"]
[WhiteElo "1899"]
[BlackElo "1784"]
[PlyCount "133"]
[EventDate "2017.11.23"]
[EventType "swiss"]
[EventRounds "7"]
[EventCountry "GER"]
[SourceTitle "EXT 2019"]
[Source "ChessBase"]
[SourceDate "2018.10.10"]
[SourceVersion "1"]
[SourceVersionDate "2018.10.10"]
[SourceQuality "1"]

1. e4 d5 2. exd5 Qxd5 3. Nc3 Qd8 4. d4 Nf6 5. Bc4 Bg4 6. f3 Bh5 7. Nge2 e6 8. 0-0 Nc6 9. Re1 Bd6 10. d5 Ne5 11. Bb3 0-0 12. Be3 Bxf3 13. Rf1 Nfg4 14. Bf4 Bc5+ 15. Kh1 Nxh2 16. Bxe5 Nxf1 17. Qxf1 Qh4+ 18. Bh2 Bxe2 19. Nxe2 Bd6 20. Qg1 e5 21. Qe3 f5 22. Qh3 Qf2 23. Qf3 Qh4 24. Qg3 Qh5 25. Qf3 Qg5 26. Qg3 Qd2 27. Qd3 Qg5 28. Qg3 Qe7 29. Rf1 Rf6 30. Qh4 Qf7 31. Ng3 Rh6 32. Rxf5 Rxh4 33. Rxf7 Kxf7 34. Nf5 Re4 35. Nxd6+ cxd6 36. Kg1 Rf8 37. c4 Re1+ 38. Kf2 Rc1 39. Ke2 Kg6 40. Bg3 Kg5 41. Bf2 Rb1 42. Be3+ Kg4 43. c5 Rxb2+ 44. Kd3 Rd8 45. Bd1+ Kf5 46. Bf3 Rxa2 47. g4+ Kf6 48. g5+ Kf7 49. Bc1 Rc8 50. c6 b5 51. Bg4 Rc7 52. Be6+ Ke7 53. Bg8 Ra1 54. Bd2 Ra3+ 55. Ke2 a5 56. Bxh7 b4 57. Bf5 b3 58. Be3 Ra2+ 59. Kd3 a4 60. Bb6 Kd8 61. Kc3 Rf2 62. Bxf2 Rf7 63. Bb6+ Ke7 64. c7 Rxf5 65. c8Q Rf3+ 66. Kb2 e4 67. Qe6+ 1-0

[Event "Eschborn op 11th"]
[Site "Eschborn"]
[Date "2014.09.07"]
[Round "4"]
[White "Spelleken, Hans Gerd"]
[Black "Kolker, Vladislav"]
[Result "0-1"]
[WhiteElo "1789"]
[BlackElo "1904"]
[PlyCount "45"]
[EventDate "2014.09.05"]
[EventType "swiss"]
[EventRounds "5"]
[EventCountry "GER"]
[SourceTitle "EXT 2015"]
[Source "ChessBase"]
[SourceDate "2014.11.20"]
[SourceVersion "1"]
[SourceVersionDate "2014.11.20"]
[SourceQuality "1"]

1. d4 Nf6 2. Nf3 g6 3. Nbd2 Bg7 4. e4 d6 5. Bc4 0-0 6. 0-0 Nc6 7. c3 e5 8. Re1 a6 9. Nf1 exd4 10. Nxd4 Nxd4 11. cxd4 Nxe4 12. Qf3 d5 13. Bxd5 Qxd5 14. Qxe4 Qxd4 15. Qe7 Qd6 16. Rb1 Bf5 17. Ra1 Be6 18. Qh4 c5 19. Bh6 Qd4 20. Qg5 c4 21. Re2 Rac8 22. Rd2 Bxh6 23. Qxh6 0-1

[Event "Eschborn op 10th"]
[Site "Eschborn"]
[Date "2013.08.31"]
[Round "2"]
[White "Spelleken, Hans Gerd"]
[Black "Ross, Heinrich"]
[Result "1-0"]
[WhiteElo "1701"]
[BlackElo "1417"]
[PlyCount "61"]
[EventDate "2013.08.30"]
[EventType "swiss"]
[EventRounds "5"]
[EventCountry "GER"]
[SourceTitle "EXT 2014"]
[Source "ChessBase"]
[SourceDate "2013.11.20"]
[SourceVersion "1"]
[SourceVersionDate "2013.11.20"]
[SourceQuality "1"]

1. d4 d5 2. Nf3 e6 3. e3 Nf6 4. Bd3 Nc6 5. c3 Bd6 6. Nbd2 0-0 7. e4 dxe4 8. Nxe4 h6 9. 0-0 Nxe4 10. Bxe4 Ne7 11. Re1 Ng6 12. Qb3 c6 13. Be3 Bf4 14. Bxg6 Bxe3 15. Bxf7+ Rxf7 16. Rxe3 Qf6 17. Qc2 Rf8 18. Ne5 Qf5 19. Qd2 Rf6 20. Rg3 c5 21. Ng4 Rg6 22. Nxh6+ gxh6 23. dxc5 Rxg3 24. hxg3 Qg5 25. Qd6 a5 26. Rd1 Kf7 27. Rd3 Kg6 28. f4 Qf5 29. g4 Qxg4 30. Rg3 Qxg3 31. f5+ 1-0

[Event "Eschborn op 10th"]
[Site "Eschborn"]
[Date "2013.08.30"]
[Round "1"]
[White "Uwira, Oliver"]
[Black "Spelleken, Hans Gerd"]
[Result "1-0"]
[WhiteElo "2231"]
[BlackElo "1701"]
[PlyCount "53"]
[EventDate "2013.08.30"]
[EventType "swiss"]
[EventRounds "5"]
[EventCountry "GER"]
[SourceTitle "EXT 2014"]
[Source "ChessBase"]
[SourceDate "2013.11.20"]
[SourceVersion "1"]
[SourceVersionDate "2013.11.20"]
[SourceQuality "1"]

1. e4 g6 2. d4 Bg7 3. c4 c5 4. d5 d6 5. Nc3 Nf6 6. f4 Bg4 7. Be2 Bxe2 8. Qxe2 0-0 9. e5 Ne8 10. Nf3 Na6 11. 0-0 Nac7 12. Be3 a6 13. Rad1 Rb8 14. Kh1 b5 15. b3 bxc4 16. bxc4 Na8 17. Ne4 Nec7 18. f5 gxf5 19. Ng3 dxe5 20. Nxf5 e4 21. Ng5 f6 22. Nxh7 Kxh7 23. Qh5+ Kg8 24. Qg6 Ne8 25. Rf4 e5 26. Nh6+ Kh8 27. Rh4 1-0

[Event "Wiesbaden op 23rd"]
[Site "Wiesbaden"]
[Date "2011.08.26"]
[Round "2"]
[White "Spelleken, Hans Gerd"]
[Black "Lessmann, Sven"]
[Result "1-0"]
[WhiteElo "1714"]
[BlackElo "1250"]
[PlyCount "75"]
[EventDate "2011.08.25"]
[EventType "swiss"]
[EventRounds "7"]
[EventCountry "GER"]
[SourceTitle "CBM 144 Extra"]
[Source "ChessBase"]
[SourceDate "2011.10.28"]
[SourceVersion "1"]
[SourceVersionDate "2011.10.28"]
[SourceQuality "1"]

1. d4 d5 2. Nf3 Nf6 3. e3 e6 4. Bd3 Be7 5. 0-0 0-0 6. Nbd2 Nbd7 7. c4 c5 8. Qc2 cxd4 9. Nxd4 Nc5 10. Be2 b6 11. b4 Na6 12. Nc6 Nxb4 13. Nxe7+ Qxe7 14. Qb3 Rd8 15. Ba3 a5 16. Bb2 Rb8 17. a3 Na6 18. Be5 Nc5 19. Qc2 Rb7 20. Rab1 Bd7 21. Bf3 Ba4 22. Qc3 Nce4 23. Nxe4 Nxe4 24. Bxe4 dxe4 25. Bxg7 Rd3 26. Qe5 f5 27. Bf6 Qf7 28. c5 b5 29. c6 Rc7 30. Rfc1 Rxa3 31. Qg3+ Kf8 32. Be5 Rc8 33. Bd6+ Ke8 34. Bxa3 b4 35. Bb2 Bxc6 36. Rxc6 Rxc6 37. Qb8+ Kd7 38. Rd1+ 1-0

[Event "Rhein Main op-A 14th"]
[Site "Bad Homburg"]
[Date "2011.06.26"]
[Round "7"]
[White "Spelleken, Hans Gerd"]
[Black "Veenstra, Sander"]
[Result "1/2-1/2"]
[WhiteElo "1714"]
[BlackElo "1927"]
[PlyCount "99"]
[EventDate "2011.06.22"]
[EventType "swiss"]
[EventRounds "7"]
[EventCountry "GER"]
[SourceTitle "EXT 2012"]
[Source "ChessBase"]
[SourceDate "2011.11.24"]
[SourceVersion "1"]
[SourceVersionDate "2011.11.24"]
[SourceQuality "1"]

1. d4 Nf6 2. Nf3 e6 3. e3 c5 4. Nbd2 b6 5. Bd3 Bb7 6. 0-0 Nc6 7. c3 Be7 8. e4 cxd4 9. cxd4 Nb4 10. Bb1 Ba6 11. Re1 Nd3 12. Re3 Nxc1 13. Qxc1 Rc8 14. Rc3 0-0 15. a3 d6 16. Qc2 g6 17. Ba2 Qd7 18. Rc1 Rxc3 19. bxc3 Rc8 20. c4 b5 21. e5 dxe5 22. dxe5 Nd5 23. Qd3 bxc4 24. Nxc4 Qa4 25. Rc2 Nb6 26. Bb3 Bxc4 27. Rxc4 Qxa3 28. Rxc8+ Nxc8 29. h4 h5 30. Qc2 Qc5 31. Qd3 Nb6 32. Bxe6 Qc1+ 33. Kh2 fxe6 34. Qxg6+ Kf8 35. Qxh5 Qf4+ 36. g3 Qf7 37. Qh8+ Qg8 38. Qh6+ Ke8 39. Nd4 Kd7 40. Qd2 Nd5 41. Qd1 Qf7 42. Qa4+ Kc8 43. Qa6+ Kb8 44. Qb5+ Nb6 45. Kg2 Bf8 46. Nc6+ Kc7 47. Nxa7 Qd7 48. Qb2 Qd5+ 49. Kh2 Nc4 50. Qc2 1/2-1/2

[Event "Rhein Main op-A 14th"]
[Site "Bad Homburg"]
[Date "2011.06.25"]
[Round "6"]
[White "Schimmer, Michael"]
[Black "Spelleken, Hans Gerd"]
[Result "0-1"]
[WhiteElo "1923"]
[BlackElo "1714"]
[PlyCount "42"]
[EventDate "2011.06.22"]
[EventType "swiss"]
[EventRounds "7"]
[EventCountry "GER"]
[SourceTitle "EXT 2012"]
[Source "ChessBase"]
[SourceDate "2011.11.24"]
[SourceVersion "1"]
[SourceVersionDate "2011.11.24"]
[SourceQuality "1"]

1. e4 c5 2. Nf3 Nc6 3. d4 cxd4 4. Nxd4 d6 5. c4 Nf6 6. Nc3 g6 7. Nc2 Bg7 8. Be2 0-0 9. 0-0 Ne8 10. Ne3 a6 11. Bd2 Nd4 12. Bd3 Bd7 13. f4 f5 14. Kh1 Kh8 15. Rc1 e6 16. b3 Rc8 17. Ne2 Bc6 18. exf5 Nxf5 19. Nxf5 gxf5 20. Ng3 Nf6 21. Qe2 Ng4 0-1